[Event "FRA-chT"]
[Site "FRA"]
[Date "1998.02.08"]
[Round "3"]
[White "Tirard, Hugo"]
[Black "Brochet, Philippe"]
[Result "1/2-1/2"]
[WhiteElo "2380"]
[BlackElo "2270"]
[PlyCount "129"]
[EventDate "1998.02.06"]
[Source "ChessBase"]
[SourceDate "1998.07.07"]

1. e4 c5 2. Nf3 Nc6 3. d4 cxd4 4. Nxd4 d5 5. Nxc6 bxc6 6. Bd3 dxe4 7. Bxe4 Qxd1+ 8. Kxd1 Bd7 9. c4 O-O-O 10. Ke2 f5 11. Bc2 e5 12. f3 Bc5 13. Be3 Bxe3 14. Kxe3 Nf6 15. Nc3 g5 16. Rhd1 Be6 17. b3 g4 18. f4 g3 19. h3 e4 20. Ne2 Rhg8 21. Nd4 Bd7 22. b4 Ne8 23. Ba4 Kc7 24. Bxc6 Nd6 25. Bd5 Rg6 26. a4 Nc8 27. a5 Ne7 28. Ne2 Rd6 29. Nc3 Bc6 30. Rd4 a6 31. Rad1 Rb8 32. Rb1 Rbd8 33. b5 Bxd5 34. b6+ Kb7 35. Rbd1 Nc6 36. Rxd5 Rxd5 37. Nxd5 Nxa5 38. c5 Nc6 39. Rd2 a5 40. Nc3 Rxd2 41. Kxd2 Nd4 42. Ke3 Ne6 43. Ne2 a4 44. Kd2 Nxc5 45. Nxg3 Nd3 46. Nxf5 a3 47. Ne3 a2 48. Nc2 Nxf4 49. Ke3 Nxg2+ 50. Kxe4 Kxb6 51. Kd4 Ne1 52. Na1 Kc6 53. Kc4 Kd6 54. Kb3 Ke5 55. Kxa2 Kf4 56. Kb3 Kg3 57. Kc3 Kxh3 58. Kd2 Nf3+ 59. Ke2 Kg3 60. Nc2 h5 61. Ne3 Nd4+ 62. Kd3 Ne6 63. Ke2 Ng7 64. Nf1+ Kf4 65. Kf2 1/2-1/2

[Event "Valoz Cup"]
[Site "?"]
[Date "2003.08.05"]
[Round "9.1"]
[White "Meszaros Michal"]
[Black "Mufic Goran"]
[Result "1/2-1/2"]
[WhiteElo "2292"]
[BlackElo "2351"]
[PlyCount "75"]
[EventDate "2003.??.??"]
[Source "www.chesslib.no"]
[SourceDate "2004.05.04"]

1. e4 c5 2. Nf3 Nc6 3. d4 cxd4 4. Nxd4 d5 5. Bb5 dxe4 6. O-O Bd7 7. Nxc6 bxc6 8. Ba4 c5 9. c4 Bxa4 10. Qxa4+ Qd7 11. Qa5 e6 12. Nc3 f5 13. Bf4 Nf6 14. Rad1 Qc6 15. Nb5 Kf7 16. Nd6+ Kg6 17. Qa3 Nh5 18. Be5 h6 19. f3 exf3 20. g4 Nf6 21. gxf5+ exf5 22. Rxf3 Rd8 23. Rfd3 Be7 24. R3d2 Kh7 25. Qh3 Ng4 26. Nxf5 Qe4 27. Nxe7 Rxd2 28. Rxd2 Rf8 29. Qd3 Qxd3 30. Rxd3 Nxe5 31. Rd5 Nxc4 32. Rxc5 Nxb2 33. Ra5 Nc4 34. Rxa7 Ne3 35. h3 Rf1+ 36. Kh2 h5 37. Ra5 g6 38. Re5 1/2-1/2

[Event "Pro American Open 9th"]
[Site "?"]
[Date "2002.10.27"]
[Round "3"]
[White "Fiorito Fabian"]
[Black "Bulcourf Carlos E"]
[Result "1/2-1/2"]
[WhiteElo "2353"]
[BlackElo "2285"]
[PlyCount "84"]
[EventDate "2002.??.??"]
[Source "www.chesslib.no"]
[SourceDate "2004.05.04"]

1. e4 c5 2. Nf3 Nc6 3. d4 cxd4 4. Nxd4 d5 5. Bb5 dxe4 6. Nxc6 Qxd1+ 7. Kxd1 a6 8. Ba4 Bd7 9. Nc3 Bxc6 10. Bxc6+ bxc6 11. Nxe4 f5 12. Nc5 e5 13. Ne6 Kf7 14. Nxf8 Nf6 15. Nxh7 Rxh7 16. Ke2 f4 17. b3 g5 18. Bb2 Rd8 19. h3 Ke6 20. Rad1 Rg8 21. c4 a5 22. f3 a4 23. Rhe1 axb3 24. axb3 Rb7 25. Kf1 Nd7 26. c5 Rxb3 27. Rd6+ Kf5 28. Rxd7 Rxb2 29. Re7 e4 30. R7xe4 Rd8 31. Re5+ Kg6 32. h4 gxh4 33. Re6+ Kf7 34. R6e4 h3 35. Rxf4+ Kg6 36. gxh3 Rdd2 37. Rg4+ Kf5 38. Kg1 Rbc2 39. h4 Rf2 40. Re8 Rxf3 41. Rg2 Rxg2+ 42. Kxg2 Rc3 1/2-1/2

[Event "Fincas Mediterranea (1er open)"]
[Site "?"]
[Date "2004.08.23"]
[Round "6.3"]
[White "Vera Pons Felipe"]
[Black "Bojkov Dejan"]
[Result "0-1"]
[WhiteElo "2161"]
[BlackElo "2453"]
[PlyCount "82"]
[EventDate "2004.??.??"]
[Source "www.chesslib.no"]
[SourceDate "2004.05.04"]

1. e4 c5 2. Nf3 Nc6 3. d4 cxd4 4. Nxd4 d5 5. exd5 Qxd5 6. Be3 e6 7. a3 Nf6 8. Nc3 Qe5 9. Nxc6 bxc6 10. Qf3 Bd7 11. Bc4 Nd5 12. O-O Bd6 13. g3 Nxe3 14. fxe3 O-O 15. Rad1 Rad8 16. Qf4 Bc8 17. Ne4 Qxf4 18. exf4 Be7 19. Rfe1 c5 20. Bf1 h6 21. Nd2 Bf6 22. c3 g5 23. Ne4 Be7 24. fxg5 hxg5 25. Bg2 a5 26. Bf3 g4 27. Be2 Kg7 28. Rxd8 Rxd8 29. Rd1 Rh8 30. Nf2 f5 31. Bb5 Kf6 32. Bc6 Ba6 33. Bg2 Rb8 34. Rd2 Bf8 35. Bf1 Bh6 36. Rc2 c4 37. a4 e5 38. Re2 Bb7 39. Bg2 Bf3 40. Bxf3 gxf3 41. Rc2 e4 0-1

[Event "It (Open) Ostroda POL"]
[Site "?"]
[Date "2005.08.06"]
[Round "2"]
[White "Mista Aleksander"]
[Black "Sygulski Pawel"]
[Result "1-0"]
[WhiteElo "2474"]
[BlackElo "2133"]
[PlyCount "105"]
[EventDate "2005.??.??"]
[Source "www.chesslib.no"]
[SourceDate "2004.05.04"]

1. e4 c5 2. Nf3 Nc6 3. d4 cxd4 4. Nxd4 d5 5. Bb5 dxe4 6. Nxc6 Qxd1+ 7. Kxd1 a6 8. Ba4 Bd7 9. Nc3 Bxc6 10. Bxc6+ bxc6 11. Nxe4 e5 12. c3 f5 13. Ng3 g6 14. Re1 O-O-O+ 15. Kc2 Bg7 16. Bg5 Rd5 17. c4 Rd4 18. b3 Nh6 19. Bd2 Rd7 20. Bc3 e4 21. Bxg7 Rxg7 22. f3 exf3 23. gxf3 Rd8 24. Re6 Rgd7 25. Rxc6+ Kb7 26. Re6 a5 27. Nf1 f4 28. Re4 Nf5 29. Rxf4 Rd3 30. Re1 R8d7 31. Kb2 a4 32. Ng3 Rd2+ 33. Ka3 Nd4 34. Rb1 axb3 35. axb3 Nc2+ 36. Ka4 Rd8 37. Rf7+ Kc6 38. b4 R2d3 39. b5+ Kd6 40. Ne4+ Ke5 41. Ka5 Rb8 42. b6 Ra3+ 43. Kb5 Nd4+ 44. Kc5 Ra5+ 45. Rb5 Rc8+ 46. Rc7 Rxb5+ 47. cxb5 Ne6+ 48. Kc6 Nd8+ 49. Kd7 Rb8 50. Nd6 Ne6 51. Rc8 Rxc8 52. Nxc8 Kd5 53. Ne7+ 1-0

[Event "Vados IM"]
[Site "Arad ROM"]
[Date "2007.09.27"]
[Round "8"]
[White "Balla, Ta"]
[Black "Chereches, M."]
[Result "1/2-1/2"]
[WhiteElo "2266"]
[BlackElo "2338"]
[PlyCount "25"]
[EventDate "2007.09.20"]
[Source "www.chesslib.no"]
[SourceDate "2004.05.04"]

1. e4 c5 2. Nf3 Nc6 3. d4 cxd4 4. Nxd4 d5 5. Nxc6 bxc6 6. Nc3 Nf6 7. e5 Nd7 8. f4 e6 9. Be3 c5 10. Bf2 Rb8 11. Rb1 Qa5 12. Qd2 d4 13. Ne4 1/2-1/2

[Event "Nyirsegi Torna op"]
[Site "?"]
[Date "1999.07.14"]
[Round "5"]
[White "Borsavolgyi Tamas"]
[Black "Gal Jozsef"]
[Result "1-0"]
[WhiteElo "2289"]
[BlackElo "2307"]
[PlyCount "127"]
[EventDate "1999.??.??"]
[Source "www.chesslib.no"]
[SourceDate "2004.05.04"]

1. e4 c5 2. Nf3 Nc6 3. d4 cxd4 4. Nxd4 d5 5. Nxc6 bxc6 6. exd5 Qxd5 7. Qxd5 cxd5 8. Bb5+ Bd7 9. Bxd7+ Kxd7 10. O-O Rc8 11. c3 e6 12. Rd1 Nf6 13. Kf1 Bd6 14. Nd2 Rc7 15. Nb3 Rb8 16. Rb1 h6 17. Bd2 Ne4 18. g3 h5 19. Be1 g5 20. f3 Nc5 21. Nxc5+ Rxc5 22. b3 Ke7 23. Rbc1 a5 24. Rd4 e5 25. Ra4 f5 26. Bd2 Kf6 27. c4 dxc4 28. Raxc4 Rxc4 29. Rxc4 Rb5 30. Rc6 Ke7 31. Bxg5+ Kd7 32. Rc2 Ke6 33. Bd2 Kd5 34. Ke2 Bb4 35. Rc4 Be7 36. Kd3 Kd6 37. Ke2 Kd7 38. Bc3 Bd8 39. Kd3 Rd5+ 40. Kc2 Ke6 41. Bd2 Kd7 42. Rc3 Ke6 43. Rc4 Kd7 44. Be3 Be7 45. Rc3 Ke6 46. Rc4 Kd7 47. Bd2 Bd8 48. a4 Be7 49. Be1 Bg5 50. Rc3 Ke6 51. Rc6+ Kd7 52. Rc4 Be7 53. Bd2 Bd8 54. Kd1 Be7 55. Ke2 Bd8 56. Rc3 Ke8 57. Be3 f4 58. gxf4 exf4 59. Bxf4 Be7 60. Ke3 Rd1 61. Ke4 Kf7 62. Rc1 Rd8 63. Rc7 Kf6 64. Rxe7 1-0

[Event "It (Men) Bucharest ROM"]
[Site "?"]
[Date "1998.??.??"]
[Round "?"]
[White "Zlatic Mihajlo"]
[Black "Dinu George Daniel"]
[Result "1-0"]
[WhiteElo "2340"]
[BlackElo "2225"]
[PlyCount "91"]
[EventDate "1998.??.??"]
[Source "www.chesslib.no"]
[SourceDate "2004.05.04"]

1. e4 c5 2. Nf3 Nc6 3. d4 cxd4 4. Nxd4 d5 5. Bb5 dxe4 6. Nxc6 Qxd1+ 7. Kxd1 a6 8. Nd4+ axb5 9. Nxb5 Bg4+ 10. Ke1 O-O-O 11. N1c3 e5 12. h3 Bh5 13. g4 Bg6 14. Be3 Bb4 15. a4 Ne7 16. a5 Nc6 17. a6 bxa6 18. Rxa6 Nd4 19. Nxd4 exd4 20. Bxd4 Rhe8 21. Ra8+ Kb7 22. Rxd8 Rxd8 23. Bxg7 e3 24. fxe3 Bxc3+ 25. Bxc3 Bxc2 26. Rf1 Bg6 27. Rf6 h5 28. gxh5 Bxh5 29. Bd4 Rg8 30. Kf2 Rg5 31. b4 Kc7 32. h4 Rg4 33. Rf4 Rxf4+ 34. exf4 f5 35. b5 Be8 36. b6+ Kc6 37. Ke3 Bh5 38. Kd3 Bf3 39. Be3 Kd6 40. Kc4 Be2+ 41. Kb4 Kc6 42. Bd4 Bf3 43. Ka5 Be2 44. h5 Bxh5 45. Ka6 Be2+ 46. Ka7 1-0

[Event "Paks"]
[Site "?"]
[Date "1998.??.??"]
[Round "2"]
[White "Hajnal Zoltan"]
[Black "Kerek Csaba"]
[Result "1-0"]
[WhiteElo "2185"]
[BlackElo "2380"]
[PlyCount "85"]
[EventDate "1998.??.??"]
[Source "www.chesslib.no"]
[SourceDate "2004.05.04"]

1. e4 c5 2. Nf3 Nc6 3. d4 cxd4 4. Nxd4 d5 5. Nxc6 bxc6 6. exd5 Qxd5 7. Nc3 Qxd1+ 8. Nxd1 Nf6 9. Ne3 g6 10. Bd2 Ne4 11. Bd3 Nxd2 12. Kxd2 Bg7 13. c3 O-O 14. Kc2 f5 15. Rad1 e5 16. Nc4 e4 17. Be2 Be6 18. Na5 c5 19. Rd6 Bf7 20. Bc4 Rae8 21. Rd7 Be6 22. Rxa7 f4 23. Re1 f3 24. g3 Bh6 25. Bxe6+ Rxe6 26. Nc4 e3 27. fxe3 f2 28. Rf1 Bxe3 29. Nxe3 Rxe3 30. Rd7 h5 31. Rd2 Ref3 32. a4 Kg7 33. Rd5 Re8 34. Kd2 Rb8 35. Kc2 Re8 36. Rd2 Ref8 37. Kb3 Kh6 38. a5 Kg5 39. a6 Kg4 40. a7 Kh3 41. Rdxf2 Rxf2 42. Rxf2 Ra8 43. Kc4 1-0

[Event "Pologne (championnat clubs ligue 2)"]
[Site "?"]
[Date "2004.09.06"]
[Round "4.55"]
[White "Mickiewicz Piotr"]
[Black "Sygulski Boguslaw"]
[Result "1/2-1/2"]
[WhiteElo "2283"]
[BlackElo "2282"]
[PlyCount "46"]
[EventDate "2004.??.??"]
[Source "www.chesslib.no"]
[SourceDate "2004.05.04"]

1. e4 c5 2. Nf3 Nc6 3. d4 cxd4 4. Nxd4 d5 5. Bb5 dxe4 6. Nxc6 Qxd1+ 7. Kxd1 a6 8. Ba4 Bd7 9. Nc3 Bxc6 10. Bxc6+ bxc6 11. Nxe4 e5 12. Ke2 f5 13. Ng5 Nf6 14. b3 h6 15. Nf3 O-O-O 16. Bb2 Bd6 17. Rhd1 g5 18. Nd2 Bc7 19. Nc4 Nd5 20. g3 Rhe8 21. Rd2 f4 22. Rad1 e4 23. Bd4 Re6 1/2-1/2

[Event "POL-chT2"]
[Site "?"]
[Date "1998.??.??"]
[Round "?"]
[White "Niemiec Artur"]
[Black "Krogulski Grzegorz"]
[Result "0-1"]
[WhiteElo "2240"]
[BlackElo "2325"]
[PlyCount "88"]
[EventDate "1998.??.??"]
[Source "www.chesslib.no"]
[SourceDate "2004.05.04"]

1. e4 c5 2. Nf3 Nc6 3. d4 cxd4 4. Nxd4 d5 5. Bb5 dxe4 6. Nxc6 Qxd1+ 7. Kxd1 a6 8. Nd4+ axb5 9. Bd2 Bg4+ 10. Kc1 O-O-O 11. Nxb5 e5 12. Re1 f5 13. N1c3 Nf6 14. a3 Be7 15. f3 Bh5 16. fxe4 Nxe4 17. Nxe4 fxe4 18. b3 Rd5 19. a4 Rf8 20. Be3 Bb4 21. Rg1 Bg6 22. Kb2 Bd2 23. Rgd1 Rfd8 24. Bb6 Bh5 25. g4 Bxg4 26. Rg1 h5 27. Bxd8 Rxd8 28. h3 Bxh3 29. Rxg7 e3 30. Rg5 Bg4 31. Rxe5 e2 32. a5 Rf8 33. Nd4 e1=Q 34. Raxe1 Bxe1 35. Rxe1 h4 36. Re4 Rg8 37. Nb5 h3 38. Re1 Rh8 39. Nd6+ Kd8 40. Re3 Kd7 41. Nf7 Rh5 42. a6 b6 43. Re5 h2 44. Re1 Bf3 0-1

[Event "XVII Festival - Open A"]
[Site "Cracovia POL"]
[Date "2006.12.31"]
[Round "6"]
[White "Przybylski, W."]
[Black "Caba, T."]
[Result "1-0"]
[WhiteElo "2329"]
[BlackElo "2225"]
[PlyCount "69"]
[EventDate "2006.12.27"]
[Source "www.chesslib.no"]
[SourceDate "2004.05.04"]

1. e4 c5 2. Nf3 Nc6 3. d4 cxd4 4. Nxd4 d5 5. Nxc6 bxc6 6. exd5 Qxd5 7. Nc3 Qxd1+ 8. Nxd1 e5 9. Ne3 Bb4+ 10. c3 Bc5 11. Nc4 f6 12. b4 Bb6 13. Nd6+ Ke7 14. Nxc8+ Rxc8 15. Ba6 Rd8 16. a4 Kf7 17. a5 Bc7 18. Be3 Bb8 19. c4 Ne7 20. Bb7 Rd7 21. a6 Rhd8 22. O-O Rd6 23. Rfb1 Re6 24. Bc5 f5 25. b5 cxb5 26. cxb5 Nc8 27. Rd1 Rxd1+ 28. Rxd1 Nb6 29. Bc6 Kf6 30. Bxb6 axb6 31. Rd8 Ba7 32. Ra8 Re7 33. Bb7 Rc7 34. g3 Rc5 35. Bc6 1-0

[Event "Oviedo ch-Asturias"]
[Site "?"]
[Date "2004.02.28"]
[Round "3.1"]
[White "Aguera Naredo Javier"]
[Black "Guerrero Olmos Sergio"]
[Result "1/2-1/2"]
[WhiteElo "2406"]
[BlackElo "2140"]
[PlyCount "97"]
[EventDate "2004.??.??"]
[Source "www.chesslib.no"]
[SourceDate "2004.05.04"]

1. e4 c5 2. Nf3 Nc6 3. d4 cxd4 4. Nxd4 d5 5. Nc3 dxe4 6. Be3 Nf6 7. Be2 Bd7 8. Nb3 e5 9. O-O Be6 10. Nc5 Bxc5 11. Bxc5 a6 12. Na4 Qxd1 13. Bxd1 Nd7 14. Bd6 O-O-O 15. Re1 f5 16. Rc1 b5 17. Nc5 Nxc5 18. Bxc5 Rd5 19. b4 Rd2 20. Be3 Rd6 21. c3 Kb7 22. a4 Bc4 23. Bc2 Rhd8 24. axb5 axb5 25. f3 exf3 26. gxf3 g6 27. Bg5 R8d7 28. Kf2 Rd5 29. h4 Nd8 30. Rcd1 Ne6 31. Rxd5 Rxd5 32. Bc1 Nf4 33. Be3 Nd3+ 34. Bxd3 Rxd3 35. Bg5 Rd5 36. Bf6 e4 37. Bd4 Bd3 38. Ke3 Rd7 39. Ra1 Kc6 40. Ra6+ Kd5 41. h5 f4+ 42. Kxf4 Rf7+ 43. Rf6 Rxf6+ 44. Bxf6 exf3 45. Kxf3 Ke6 46. Bh4 gxh5 47. Kg3 Kf5 48. Bd8 Be2 49. Kh4 1/2-1/2

[Event "Vrbas"]
[Site "Vrbas"]
[Date "1993.??.??"]
[Round "9"]
[White "Ratkovic, Milorad"]
[Black "Zlatilov, Ivailo"]
[Result "0-1"]
[WhiteElo "2155"]
[BlackElo "2390"]
[PlyCount "88"]
[EventDate "1993.??.??"]
[Source "www.chesslib.no"]
[SourceDate "2004.05.04"]

1. e4 c5 2. Nf3 Nc6 3. d4 cxd4 4. Nxd4 d5 5. Nxc6 bxc6 6. exd5 Qxd5 7. Qxd5 cxd5 8. Bb5+ Bd7 9. Bxd7+ Kxd7 10. O-O Nf6 11. Rd1 e5 12. Bg5 Ne4 13. Rxd5+ Ke6 14. Rd8 Rxd8 15. Bxd8 Bc5 16. Ba5 Bxf2+ 17. Kf1 Bd4 18. c3 Bc5 19. Ke2 Rb8 20. b4 Bd6 21. a4 f5 22. Ra3 g5 23. Nd2 Nxd2 24. Kxd2 e4 25. h3 f4 26. Rb3 Kd5 27. b5 Kc4 28. Rb1 Bc5 29. Bc7 Rb7 30. Be5 a6 31. Bf6 h6 32. Ke2 axb5 33. axb5 Rb6 34. Be5 h5 35. h4 gxh4 36. Bxf4 Rg6 37. Be3 Rxg2+ 38. Kf1 h3 39. Bxc5 Kxc5 40. b6 e3 41. Re1 Rg7 42. Rxe3 h2 43. Rh3 Rg1+ 44. Kf2 h1=Q 0-1

[Event "Ch Hungary team"]
[Site "?"]
[Date "2001.??.??"]
[Round "6"]
[White "Pfeifer Tamas"]
[Black "Gal Jozsef"]
[Result "0-1"]
[WhiteElo "2215"]
[BlackElo "2315"]
[PlyCount "82"]
[EventDate "2001.??.??"]
[Source "www.chesslib.no"]
[SourceDate "2004.05.04"]

1. e4 c5 2. Nf3 Nc6 3. d4 cxd4 4. Nxd4 d5 5. exd5 Qxd5 6. Be3 e5 7. Nc3 Bb4 8. Ndb5 Qxd1+ 9. Rxd1 Ke7 10. Nc7 Rb8 11. N7d5+ Ke6 12. Nxb4 Nxb4 13. Rd2 b6 14. a3 Nc6 15. Bc4+ Ke7 16. O-O Be6 17. Bb5 Rc8 18. f4 f6 19. f5 Bd7 20. Nd5+ Ke8 21. Nb4 Nge7 22. g4 Nb8 23. Bxd7+ Nxd7 24. Rfd1 Nb8 25. Nd5 h5 26. Nc7+ Kf7 27. Nb5 Rcf8 28. Nd6+ Kg8 29. h3 hxg4 30. hxg4 Rh4 31. Rg2 Rd8 32. Rdd2 Nbc6 33. g5 Kf8 34. gxf6 gxf6 35. c3 Na5 36. b4 Nb3 37. Rb2 Rxd6 38. Rxb3 Nxf5 39. Bd2 Rh3 40. Rb1 Kf7 41. a4 Nh4 0-1

[Event "Gyongyos Open"]
[Site "Gyongyos"]
[Date "1995.??.??"]
[Round "?"]
[White "Pinkas, Karol"]
[Black "Hajdu, Istvan"]
[Result "1-0"]
[WhiteElo "2370"]
[BlackElo "2155"]
[PlyCount "61"]
[EventDate "1995.??.??"]
[Source "www.chesslib.no"]
[SourceDate "2004.05.04"]

1. e4 c5 2. Nf3 Nc6 3. d4 cxd4 4. Nxd4 d5 5. Bb5 dxe4 6. Nc3 e5 7. Nxc6 Qxd1+ 8. Kxd1 a6 9. Ba4 b5 10. Bb3 f6 11. a4 b4 12. Nd5 Bb7 13. Ncxb4 O-O-O 14. Ke2 a5 15. Nb6+ Kc7 16. N4d5+ Kc6 17. Rd1 Nh6 18. Bxh6 gxh6 19. Nc4 Ba6 20. Nxf6 Rb8 21. Nxe4 Rb4 22. Ned2 Bc5 23. Ke1 Rf8 24. f3 Bg1 25. c3 Rbb8 26. Ne4 Bxh2 27. Rd6+ Kc7 28. Rxa6 Rxb3 29. Rxh6 Bf4 30. Rxh7+ Kb8 31. Nc5 1-0

[Event "HUN Ch univ"]
[Site "HUN"]
[Date "1993.??.??"]
[Round "7"]
[White "Francsics, Endre"]
[Black "Ezsol, Miklos"]
[Result "1-0"]
[WhiteElo "2185"]
[BlackElo "2340"]
[PlyCount "79"]
[EventDate "1993.??.??"]
[Source "www.chesslib.no"]
[SourceDate "2004.05.04"]

1. e4 c5 2. Nf3 Nc6 3. d4 cxd4 4. Nxd4 d5 5. Bb5 dxe4 6. Nxc6 Qxd1+ 7. Kxd1 a6 8. Nxe7+ Kxe7 9. Be2 Be6 10. Be3 f5 11. a4 Nf6 12. Nd2 Nd5 13. Bg5+ Kf7 14. Nb3 Bd6 15. Nd4 Rac8 16. Kc1 h6 17. Nxe6 Kxe6 18. Bd2 g5 19. a5 Rc6 20. b3 Rhc8 21. Bc4 Bc5 22. h4 Bxf2 23. hxg5 e3 24. Be1 Bxe1 25. Rxe1 hxg5 26. Rxe3+ Kd6 27. Rd3 Rc5 28. Kb2 Kc6 29. Rad1 Nf4 30. Rd7 Rxc4 31. bxc4 Re8 32. R1d6+ Kc5 33. Rf6 Re5 34. Rxb7 Nxg2 35. Rxa6 Kxc4 36. Rc6+ Kd5 37. Rg6 Ke4 38. a6 f4 39. a7 Ra5 40. Rxg5 1-0

[Event "First Saturday 2007 febbraio IM-A"]
[Site "Budapest UNG"]
[Date "2007.02.10"]
[Round "8"]
[White "Nagy, Bence"]
[Black "Sailer, Douglas"]
[Result "1-0"]
[WhiteElo "2328"]
[BlackElo "2191"]
[PlyCount "101"]
[EventDate "2007.02.03"]
[Source "www.chesslib.no"]
[SourceDate "2004.05.04"]

1. e4 c5 2. Nf3 Nc6 3. d4 cxd4 4. Nxd4 d5 5. Bb5 dxe4 6. Nc3 Bd7 7. Bf4 Nf6 8. O-O e6 9. Bxc6 Bxc6 10. Nxc6 Qxd1 11. Raxd1 bxc6 12. Rfe1 Bb4 13. Bd6 Bxd6 14. Rxd6 Rc8 15. Nxe4 Ke7 16. Rd3 Rhd8 17. Rde3 c5 18. Nxf6 Kxf6 19. Rf3+ Ke7 20. Kf1 Rb8 21. b3 c4 22. Rc3 cxb3 23. axb3 Rbc8 24. Ree3 a5 25. Ke2 f5 26. f4 Kf6 27. g3 g5 28. h4 gxf4 29. gxf4 Rxc3 30. Rxc3 Rd4 31. Ke3 Re4+ 32. Kf3 a4 33. bxa4 Rxa4 34. h5 Ra1 35. Rc7 Rf1+ 36. Ke3 Re1+ 37. Kd3 Rf1 38. Rxh7 Rxf4 39. h6 Rf3+ 40. Ke2 Rh3 41. c4 Ke5 42. Rh8 Rh2+ 43. Kf3 Kf6 44. c5 Rc2 45. Rg8 Rh2 46. c6 Rxh6 47. c7 Rh3+ 48. Kg2 Rc3 49. c8=Q Rxc8 50. Rxc8 Ke5 51. Kf3 1-0

[Event "Lima"]
[Site "?"]
[Date "1998.??.??"]
[Round "3"]
[White "Esplana Christian"]
[Black "Gonzales Manuel"]
[Result "1-0"]
[WhiteElo "2200"]
[BlackElo "2310"]
[PlyCount "77"]
[EventDate "1998.??.??"]
[Source "www.chesslib.no"]
[SourceDate "2004.05.04"]

1. e4 c5 2. Nf3 Nc6 3. d4 cxd4 4. Nxd4 d5 5. Bb5 dxe4 6. Nc3 Bd7 7. Nxc6 bxc6 8. Bc4 Nf6 9. O-O Qc7 10. h3 h6 11. Qe2 Bf5 12. f3 exf3 13. Rxf3 Bg6 14. Bf4 Qb6+ 15. Kh1 Rd8 16. Re1 Rd7 17. Be5 Bh5 18. g4 Bg6 19. Ref1 Kd8 20. Na4 Qa5 21. Rb3 Rd6 22. Bxd6 exd6 23. Rxf6 gxf6 24. Rb8+ Kc7 25. Rxf8 Rxf8 26. Qe7+ Kc8 27. Qxf8+ Kd7 28. Nc3 Qg5 29. Bxf7 Qc1+ 30. Kg2 Qxc2+ 31. Kg3 Qd3+ 32. Kh4 Bh7 33. Qe8+ Kc7 34. Qe7+ Kb6 35. Qxf6 Qd2 36. Be6 a5 37. Qd8+ Kc5 38. Qxa5+ Kd4 39. Nb5+ 1-0

[Event "POL-chT2"]
[Site "?"]
[Date "1999.??.??"]
[Round "9"]
[White "Izbinski Bartlomiej"]
[Black "Krogulski Grzegorz"]
[Result "0-1"]
[WhiteElo "2208"]
[BlackElo "2295"]
[PlyCount "40"]
[EventDate "1999.??.??"]
[Source "www.chesslib.no"]
[SourceDate "2004.05.04"]

1. e4 c5 2. Nf3 Nc6 3. d4 cxd4 4. Nxd4 d5 5. Bb5 dxe4 6. Nxc6 Qxd1+ 7. Kxd1 a6 8. Ba4 Bd7 9. Nc3 Bxc6 10. Bxc6+ bxc6 11. Nxe4 e5 12. Ke2 f5 13. Nd2 Nf6 14. Nc4 Nd7 15. b3 O-O-O 16. Bb2 Bc5 17. Rad1 Kc7 18. Bc3 Rde8 19. Ba5+ Kc8 20. Nd6+ Bxd6 0-1

[Event "Toulouse"]
[Site "?"]
[Date "1999.??.??"]
[Round "2"]
[White "Constantin David"]
[Black "Brochet Philippe"]
[Result "0-1"]
[WhiteElo "2130"]
[BlackElo "2349"]
[PlyCount "80"]
[EventDate "1999.??.??"]
[Source "www.chesslib.no"]
[SourceDate "2004.05.04"]

1. e4 c5 2. Nf3 Nc6 3. d4 cxd4 4. Nxd4 d5 5. Bb5 dxe4 6. Nxc6 Qxd1+ 7. Kxd1 a6 8. Nd4+ axb5 9. Nxb5 Bg4+ 10. Ke1 O-O-O 11. N1c3 e5 12. Be3 Nf6 13. h3 Be6 14. Rd1 Be7 15. g4 h5 16. g5 Rxd1+ 17. Kxd1 Nd5 18. Nxe4 Nxe3+ 19. fxe3 Rd8+ 20. Kc1 h4 21. Nbc3 Rh8 22. Rf1 Rh5 23. Rf3 b6 24. Kd2 Bxg5 25. b3 Be7 26. Nb5 Kd7 27. c4 f5 28. Nec3 g5 29. Nd5 g4 30. Rf1 Bxd5 31. cxd5 Rg5 32. hxg4 fxg4 33. Rf7 Ke8 34. Rh7 g3 35. d6 Bxd6 36. Nxd6+ Kf8 37. Ne4 g2 38. Nxg5 g1=Q 39. Ne6+ Ke8 40. Ng7+ Kd8 0-1

[Event "15. Open"]
[Site "?"]
[Date "2004.07.11"]
[Round "2"]
[White "Kokol Peter"]
[Black "Barle Janez"]
[Result "0-1"]
[WhiteElo "2091"]
[BlackElo "2385"]
[PlyCount "64"]
[EventDate "2004.??.??"]
[Source "www.chesslib.no"]
[SourceDate "2004.05.04"]

1. e4 c5 2. Nf3 Nc6 3. d4 cxd4 4. Nxd4 d5 5. Bb5 dxe4 6. Nc3 Bd7 7. Bxc6 bxc6 8. Nxe4 Qa5+ 9. c3 Qd5 10. Qe2 Nf6 11. Nxf6+ gxf6 12. Be3 e5 13. Nb3 Qxg2 14. O-O-O Bg4 15. Qa6 Bxd1 16. Rxd1 Be7 17. Qb7 Rd8 18. Nd2 Qd5 19. Qxa7 Qd7 20. Qa4 Qb7 21. Rg1 Ra8 22. Qc4 Qb5 23. Qg4 Rxa2 24. Qc8+ Bd8 25. b3 Qa6 26. Qxa6 Rxa6 27. Kb2 Kd7 28. Ne4 Be7 29. Bh6 Rha8 30. c4 Ra2+ 31. Kc3 f5 32. Nd2 e4 0-1

[Event "FRA-chT"]
[Site "FRA"]
[Date "1998.04.04"]
[Round "6"]
[White "Beghdadi, Mourad"]
[Black "Brochet, Philippe"]
[Result "0-1"]
[WhiteElo "2205"]
[BlackElo "2270"]
[PlyCount "110"]
[EventDate "1998.02.06"]
[Source "ChessBase"]
[SourceDate "1998.07.07"]

1. e4 c5 2. Nf3 Nc6 3. d4 cxd4 4. Nxd4 d5 5. Bb5 dxe4 6. O-O Bd7 7. Nxc6 Bxc6 8. Bxc6+ bxc6 9. Qe2 Nf6 10. Nc3 e6 11. Nxe4 Nxe4 12. Qxe4 Qd5 13. Qe2 Bd6 14. Rd1 Qe5 15. Qxe5 Bxe5 16. Rb1 Ke7 17. Be3 Rhd8 18. b3 Bc3 19. Rxd8 Kxd8 20. Rd1+ Kc7 21. Bc5 a6 22. Kf1 h5 23. a4 g6 24. Rd3 Be5 25. h3 f5 26. b4 f4 27. c4 g5 28. f3 Rb8 29. a5 Re8 30. Ke2 Rg8 31. Kf1 Kc8 32. Ke2 Bc7 33. Bb6 g4 34. hxg4 hxg4 35. c5 gxf3+ 36. gxf3 Rg2+ 37. Kf1 Rb2 38. Bxc7 Kxc7 39. Rd4 e5 40. Re4 Kd7 41. Rxe5 Rxb4 42. Rf5 Ra4 43. Ke2 Ke6 44. Rf8 Ke5 45. Ra8 Rxa5 46. Re8+ Kd4 47. Re4+ Kc3 48. Rxf4 Rxc5 49. Ra4 a5 50. f4 Kb3 51. Ra1 a4 52. Rb1+ Kc2 53. Ra1 Ra5 54. Ke3 a3 55. f5 a2 0-1

[Event "Creon FRA"]
[Site "?"]
[Date "1999.??.??"]
[Round "5"]
[White "Guyader Thierry"]
[Black "Brochet Philippe"]
[Result "0-1"]
[WhiteElo "2100"]
[BlackElo "2345"]
[PlyCount "34"]
[EventDate "1999.??.??"]
[Source "www.chesslib.no"]
[SourceDate "2004.05.04"]

1. e4 c5 2. Nf3 Nc6 3. d4 cxd4 4. Nxd4 d5 5. Bb5 dxe4 6. Nc3 a6 7. Bf4 axb5 8. Ndxb5 e5 9. Qxd8+ Kxd8 10. O-O-O+ Bd7 11. Be3 Nf6 12. Bb6+ Kc8 13. Nc7 Rb8 14. N3b5 Be7 15. c3 Bg4 16. Rde1 Nd7 17. Be3 Bc5 0-1

[Event "Open San Agustin"]
[Site "?"]
[Date "2003.08.23"]
[Round "9.12"]
[White "Fluvia Poyatos Jordi"]
[Black "Guerrero Olmos Sergio"]
[Result "1/2-1/2"]
[WhiteElo "2321"]
[BlackElo "2119"]
[PlyCount "52"]
[EventDate "2003.??.??"]
[Source "www.chesslib.no"]
[SourceDate "2004.05.04"]

1. e4 c5 2. Nf3 Nc6 3. d4 cxd4 4. Nxd4 d5 5. Nxc6 bxc6 6. exd5 Qxd5 7. Nd2 Bf5 8. Be2 Qxg2 9. Bf3 Qg6 10. Qe2 Rc8 11. Nc4 Qe6 12. Ne3 Nf6 13. Nxf5 Qxf5 14. Rg1 Qb5 15. c4 Qb4+ 16. Kf1 g6 17. Bd2 Qxb2 18. Re1 Qb7 19. Rg5 e6 20. Rb5 Qc7 21. Ba5 Qxh2 22. Rb7 Bc5 23. Bc3 Qh3+ 24. Kg1 Qg3+ 25. Kf1 Qh3+ 26. Kg1 Qg3+ 1/2-1/2

[Event "Odorheiu Secuiesc Open"]
[Site "Odorheiu Secuiesc"]
[Date "1993.??.??"]
[Round "7"]
[White "Radu, Mircea"]
[Black "Zamfirescu, Bogdan"]
[Result "1/2-1/2"]
[WhiteElo "2185"]
[BlackElo "2250"]
[PlyCount "86"]
[EventDate "1993.05.??"]
[Source "www.chesslib.no"]
[SourceDate "2004.05.04"]

1. e4 c5 2. Nf3 Nc6 3. d4 cxd4 4. Nxd4 d5 5. exd5 Qxd5 6. Be3 Nxd4 7. Qxd4 Qxd4 8. Bxd4 Bd7 9. Nc3 a6 10. Nd5 Rc8 11. Nb6 Rd8 12. Nxd7 Rxd7 13. O-O-O Nf6 14. Be2 e6 15. Bf3 Bd6 16. Kb1 Ke7 17. Rhe1 Rc8 18. Rd3 Rc4 19. b3 Rc8 20. Bb2 b6 21. Red1 Rcd8 22. Rxd6 Rxd6 23. Ba3 e5 24. Bb7 a5 25. f3 Ne8 26. Ba6 Nc7 27. Bc4 Ne6 28. Rxd6 Rxd6 29. Bxd6+ Kxd6 30. Kc1 f6 31. Kd2 Nf4 32. g3 Nd5 33. c3 Kc5 34. a4 Ne7 35. Kd3 Nf5 36. Bg8 h6 37. Be6 Ne7 38. Ke4 Kd6 39. Bf7 Kc5 40. f4 exf4 41. Kxf4 Kd6 42. Ke4 Kc5 43. Be6 Kd6 1/2-1/2